Quién dijo la frase VZV II - Estadísticas

Estadísticas generales
  • Esta prueba ha sido intentada 11 veces
  • La puntuación promedio es 10 de 15
Estadísticas de respuestas
Hint Respuesta % Correcto
Por la cara Dj
83%
Bueno xiquets, que voleu per a sopar? Caviar? Llangosta? Wagyu? Elena
83%
Con lo cual la sal Ismael
83%
No es lo ideal pero lo explico así porque creo que lo entendéis mejor JEPO
83%
Esto está en el Oddish Martina
83%
Ay, que miedo me dan Verdugo
83%
Jorge, que esta pasta no va con esta carne Bea
67%
Y voy a parar ya porque luego se me calienta la boca y empiezo a decir animaladas PP
67%
Eg que mis padres ... sin ... Tirosina
67%
Atendemos? CGF
50%
Juan, muy mal H
50%
La teoría del punto gordo? Pues no la he oído no Joules
50%
Serca (no es pancho) Steve Jobs
50%
Nos callamos?! (muy enojada) Esther
33%
Pacoooo y lo oligondedrocito ande están Murciana
33%
No se encontraron pruebas coincidentes
Distribución de puntuación
Porcentaje de gente con cada puntuación
Porcentaje por número respondido
Historial de tus puntuaciones
No has intentado esta prueba.